Statistics for 100 Biggest Cities in Alaska on a Map

Click here to take the quiz!

General Stats

  • This quiz has been taken 87 times
    (58 since last reset)
  • The average score is 29 of 100

Answers on the Map

Answers color-coded by a green-red scale on the quiz's map according to % correct below.
 

Answer Stats

PopulationCity% Correct
291,247Anchorage
96%
32,255Juneau
96%
32,515Fairbanks
92%
3,699Nome
78%
4,927Utqiagvik
76%
9,054Wasilla
76%
5,581Kodiak
74%
8,458Sitka
74%
8,192Ketchikan
70%
7,424Kenai
68%
4,254Unalaska
66%
5,888Palmer
64%
6,325Bethel
62%
5,522Homer
62%
2,243North Pole
62%
2,717Seward
62%
2,127Wrangell
58%
3,985Valdez
56%
2,249Dillingham
54%
11,332College
50%
2,609Cordova
50%
1,657Haines
50%
1,975Houston
48%
3,102Kotzebue
48%
4,342Soldotna
46%
3,043Petersburg
44%
1,310Prudhoe Bay
44%
1,164Skagway
44%
19,031Badger
34%
19,297Knik-Fairview
34%
1,243Tok
32%
657Yakutat
32%
918Delta Junction
30%
9,197Meadow Lakes
28%
1,055Talkeetna
28%
1,036Craig
26%
1,375Hooper Bay
26%
8,487Kalifornsky
24%
966Healy
22%
5,918Sterling
22%
1,589Akutan
20%
1,103Funny River
20%
931Hoonah
20%
2,196Willow
20%
743Womens Bay
20%
2,105Anchor Point
18%
3,589Butte
18%
2,747Farm Loop
18%
5,048Fishhook
18%
655Gustavus
18%
1,673Kodiak Station
18%
1,078Salamatof
18%
6,437Steele Creek
18%
2,416Ester
16%
757King Cove
16%
4,456Nikiski
16%
845Ninilchik
16%
830Point Hope
16%
5,229South Lakes
16%
8,817Tanaina
16%
765Unalakleet
16%
2,129Bear Creek
14%
3,833Big Lake
14%
951Chevak
14%
4,704Farmers Loop
14%
3,299Goldstream
14%
792Knik River
14%
694Noorvik
14%
9,450North Lakes
14%
2,136Ridgeway
14%
809Selawik
14%
1,021Buffalo Soapstone
12%
1,471Cohoe
12%
2,359Deltana
12%
1,330Diamond Ridge
12%
2,610Eielson AFB
12%
5,748Gateway
12%
655Kotlik
12%
1,852Point MacKenzie
12%
977Salcha
12%
835Savoonga
12%
1,038Sutton-Alpine
12%
825Emmonak
10%
2,248Fritz Creek
10%
720Klawock
10%
1,506Lazy Mountain
10%
1,454Metlakatla
10%
4,216Mill Bay
10%
776Quinhagak
10%
817Togiak
10%
650Two Rivers
10%
756Alakanuk
8%
713Happy Valley
8%
812Kwethluk
8%
1,564Susitna North
8%
658Toksook Bay
8%
677Akiachak
6%
6,015Chena Ridge
6%
644Fox River
6%
704Kipnuk
6%

Score Distribution

Percentile by Number Answered

Percent of People with Each Score

Your Score History

You have not taken this quiz since the last reset